000 00529nam a2200205Ia 4500
005 20250508161129.0
008 008 250505s9999 xx 000 0 eng d
037 _aTextual
040 _aFEDL
_beng
_cFEDL
041 _aeng
_2eng
084 _a150, GUI
_qFEDL
100 _aGuilford J P
245 0 _aGeneral psychology
260 _aPrinceton
_bD. Van Nostrand Company
_c1952
300 _axii,587p.
365 _aINR
_b10
650 _aPsychology
942 _cTEXL
_h150, GUI
999 _c1368546
_d1368546